Manifiesto apologético de los daños de la esclavitud del Reino de Chile, 1670

Gorde:
Xehetasun bibliografikoak
Egile nagusia: Rosales, Diego de (Egilea)
Formatua: Liburua
Hizkuntza:gaztelania
Argitaratua: Santiago Catalonia 2013
Edizioa:1a. ed
Gaiak:
Etiketak: Etiketa erantsi
Etiketarik gabe, Izan zaitez lehena erregistro honi etiketa jartzen!

MARC

LEADER 00000cam a2200000 a 4500
001 UCE5853
003 CL-VaPUC
008 150312e20130700cl |||||||||||||||||spa|d
020 |a 9789563241730 
082 0 4 |a 983.03  |b ROS  |2 21 
100 0 |a Rosales, Diego de  |e author  |9 420187 
245 1 0 |a Manifiesto apologético de los daños de la esclavitud del Reino de Chile, 1670 
250 |a 1a. ed 
300 |a 192 p 
942 |c BK 
945 |d 20150312 12:37:00  |a dcastane 
260 |a Santiago  |b Catalonia  |c 2013 
500 |a Introducción, edición y notas de Andrés I. Prieto 
650 0 |a Historia de Chile  |9 265473 
650 0 |a Colonización española  |9 256592 
650 0 |a Esclavitud  |9 323605 
583 |a last modification  |c 20150312 12:37:00  |k Rodrigo Vera 
999 |c 358419  |d 358417 
952 |0 0  |1 0  |3 erb  |4 0  |6 983_030000000000000_ROS_2013  |7 0  |8 A  |9 467107  |a BIBEDU  |b BIBEDU  |i 5139112  |o 983.03 ROS 2013  |p 5139112  |r 2019-11-23  |w 2019-11-23  |y BK  |z Catalogado en:20150312  |k LIT